| 000 | 00846nam a2200205Ia 4500 | ||
|---|---|---|---|
| 001 | b3089-25396 [4405] | ||
| 003 | IT-MiCISF | ||
| 008 | 161014s9999||||xx |||||||||||||| ||und|| | ||
| 040 |
_aIT-MiCISF _cIT-MiCISF |
||
| 041 | _ait | ||
| 100 | _aAA.VV. | ||
| 245 | 0 |
_aL'utopia dell'intendersi. Sinodo delle donne _bAtti del convegno 13-14 marzo 1993, Milano, Università Cattolica del Sacro Cuore |
|
| 250 | _a1a ed. | ||
| 260 |
_a Milano _bIn Dialogo _c1993 |
||
| 300 | _app. 166 | ||
| 500 | _aGruppo promozione donna (a cura di) - Dutto M., Ciccolini A.T., Sfonfrini M., Cambieri Blatto B., Sozzi Manci A., Zucchetti E., Bartolomei M.C., Occhipinti Gozzini V., Militello C., Prestini L. / donna, società, chiesa, cultura, coppia, famiglia, teologia, rapporti-uomo-donna / | ||
| 650 | _adonna | ||
| 942 | _cBK | ||
| 957 | _71 | ||
| 999 |
_a25396 _bsi _g1 _c214317 _d214317 |
||